00378 a2200133 4500003000400000005001700004008004100021040000900062082001700071100002900088245009200117260002500209300001000234OSt20240823101716.0231018b |||||||| |||| 00| 0 eng d coclc a492.7bJAM/C aJamali, A Basheer Ahmed  aA Comparison of Arabic English Syntax ( an applied study) /cDr. A Basheer Ahmed Jamali aKozhikode:bArabnet, a343 p